000 00522nam a2200181Ia 4500
005 20250508162113.0
008 008 250505s9999 xx 000 0 hin d
037 _aTextual
040 _aFEDL
_beng
_cFEDL
041 _ahin
_2eng
084 _a891.431 09, RAM
_qFEDL
100 _aRam Swartj Singh
_9772312
245 0 _aNaye kavita aur pouranik gatha
260 _aNew Delhi, India
_bClassical Publications
_c1980
300 _a334p
942 _cTEXL
_h891.431 09, RAM
999 _c1374397
_d1374397